Star Wars - vrcholná republika. Padlá hvězda /
Světlo Jediů čelí své nejtemnější hodině. Pátá kniha série Star Wars - Vrcholná republika.
Uloženo v:
| Série: | Star Wars - Vrcholná republika,
část 8 |
|---|---|
| Hlavní autor: | |
| Další autoři: | |
| Médium: | E-kniha |
| Jazyk: | Czech |
| Vydáno: |
V Praze :
Egmont,
2023
|
| Vydání: | První vydání |
| Témata: | |
| Příbuzné jednotky: | Přeloženo z:
Star Wars. The High Republic Z cyklu:: Star Wars - Vrcholná republika |
| Tagy: |
Žádné tagy |
| LEADER | 03043nam a2200481 i 4500 | ||
|---|---|---|---|
| 001 | 311849 | ||
| 003 | CZ PrSKC | ||
| 005 | 20260601215712.0 | ||
| 007 | ta | ||
| 008 | 230210s2023 xr g 000 f cze | ||
| 015 | |a cnb003500674 | ||
| 020 | |a 9788025253243 |q (brožováno) : |c Kč 399,00 | ||
| 035 | |a (OCoLC)1375349315 | ||
| 040 | |a ABG001 |b cze |e rda | ||
| 041 | 1 | |a cze |h eng | |
| 072 | 7 | |a 821.111(73)-3 |x Americká próza |2 Konspekt | |
| 080 | |a 821.111(73)-31 |2 MRF | ||
| 080 | |a (0:82-311.9) |2 MRF | ||
| 100 | 1 | |a Gray, Claudia, |d 1970- |7 xx0118587 |4 aut | |
| 240 | 1 | 0 | |a Fallen star. |l Česky |
| 245 | 1 | 0 | |a Star Wars - vrcholná republika. |p Padlá hvězda / |c Claudia Gray ; z anglického originálu Star Wars: The High republic - The Fallen star přeložil Lukáš Potužník |
| 246 | 3 | 0 | |a Padlá hvězda |
| 250 | |a První vydání | ||
| 264 | 1 | |a V Praze : |b Egmont, |c 2023 | |
| 300 | |a 338 stran ; |c 20 cm | ||
| 336 | |a text |b txt |2 rdacontent | ||
| 337 | |a bez média |b n |2 rdamedia | ||
| 338 | |a svazek |b nc |2 rdacarrier | ||
| 520 | 2 | |a Světlo Jediů čelí své nejtemnější hodině. Pátá kniha série Star Wars - Vrcholná republika. |b Krutí nájezdníci Nihilové se znovu a znovu snaží přivést zlatý věk vrcholné Republiky k ohnivému konci. Republika vychází z boje potlučená a vyčerpaná, ale díky ochráncům z řad Jediů vítězná - a není většího symbolu společné věci, než Maják Hvězdosvit. Ten je centrem kultury a vědění, jasnou pochodní v temnotě neznáma a podanou rukou do nejvzdálenějších končin galaxie. Když obyvatelé pohraničí prchají před útoky Nihilů, je Hvězdosvit se svou posádkou připraven všem poskytnout útočiště. Vděční rytíři a padawani řádu Jedi, kteří jsou zde umístěni, se mohou zotavit ze svých zranění a zármutku nad ztrátami. Ale bouře, o níž si mysleli, že pominula, stále zuří a oni se pouze ocitli v jejím oku. Marchion Ro, strůjce Nihilů, připravuje dosud nejodvážnější útok, jehož cílem je uhasit světlo Jediů. Nakladatelská anotace. Kráceno. | |
| 521 | 8 | |a Pro čtenáře od 12 let | |
| 655 | 7 | |a americké romány |7 fd131796 |2 czenas | |
| 655 | 7 | |a vědecko-fantastické romány |7 fd133847 |2 czenas | |
| 655 | 9 | |a American fiction |2 eczenas | |
| 655 | 9 | |a science fiction novels |2 eczenas | |
| 700 | 1 | |a Potužník, Lukáš |7 xx0276333 |4 trl | |
| 765 | 0 | |t Star Wars. The High Republic | |
| 787 | 0 | 8 | |i Z cyklu: |t Star Wars - Vrcholná republika |g 8 |
| 900 | |a ABA001 |b 20 | ||
| 928 | 9 | |a Albatros Media - Egmont | |
| 044 | |a xr | ||
| 910 | |a RBIT002 | ||
| 998 | |d 368086 |a https://core.palmknihy.cz/api/books/368086/cover?si7xnb |b https://core.palmknihy.cz/api/books/368086/cover/400?si7xnb |c https://core.palmknihy.cz/api/books/368086/cover/50?si7xnb |e 2026-12-31 |g 344 |i 9788025253243 |j https://core.palmknihy.cz/api/books/368086/preview.epub |k https://core.palmknihy.cz/api/books/368086/preview.pdf |l |q 49 |r 1 |s https://www.palmknihy.cz/kniha/368086 |t ebook |y 2023 |z 0 |v Star Wars - Vrcholná Republika |w 5 | ||
| 999 | |d 311847 | ||